| 000 | 00695nam a2200217 i 4500 | ||
|---|---|---|---|
| 001 | 27742 | ||
| 003 | ES-MaACL | ||
| 005 | 20260201160542.0 | ||
| 007 | t| | ||
| 008 | 030115s1956 sp ||||1| spa d | ||
| 100 | 1 |
_aJuan Arbó, Sebastián, _d1902-1984 _967101 |
|
| 245 | 1 | 0 |
_aTierras del Ebro / _cSebastián Juan Arbó ; prólogo de Ignacio Agustí. |
| 250 | _a[6ª ed. y versión definitiva]. | ||
| 260 |
_aBarcelona : _bNoguer, _c[1956] ( _fAriel) |
||
| 300 |
_a313 p. ; _c20 cm. |
||
| 490 | 1 | _aGalería literaria | |
| 700 | 1 |
_aAgustí, Ignacio, _d1913-1974 _918909 |
|
| 830 | 0 |
_aGalería literaria _9180522 |
|
| 852 |
_aES-MaACL _jC-11405 _bR.39010 |
||
| 999 |
_c27742 _d27742 |
||